000 00420nam a2200181Ia 4500
001 8513
005 20260306160615.0
008 260306t2006||||xx |||||||||||||| ||spa||
041 _aESP
082 _a371.1
_bT44
100 _aDe Tezanos, Araceli
_eAUT
245 0 _aEl maestro y su formación
260 _c2006
300 _a328 páginas :
_c21 cm.
650 _aGEN
654 _aCED
942 _cLIB
_dJUS
_fJUS
_2ddc
_n
999 _c8513
_d8513